Szczegóły MARC21

Rozwój mózgu człowieka w cyklu życia : aspekty bioneuropsychologiczne /

003 -Nazwa inst., której nr kontr. jest w polu 001 [,]
    • @
    • Nazwa instytucji, której n kontrolny jest w polu 001
    • NUKAT
005 -DATA I CZAS OSTATNIEJ MODYFIKACJI [,]
    • @
    • pole kontrolne
    • 20241231113433.0
020 -Międzynarod. znormalizowany nr książki - ISBN [ , ]
    • a
    • Numer ISBN
    • 9788376417165 Find
040 -Instytucja sporządzająca opis [ , ]
    • a
    • Instytucja, która sporządziła opis (NP)
    • WR U/mt
    • c
    • Instytucja, która sporządziła rekord (NP)
    • WR U/mt
    • d
    • Instytucja, która zmodyfikowała rekord (P)
    • WR U/hb
    • d
    • Instytucja, która zmodyfikowała rekord (P)
    • WR U/mts
    • d
    • Instytucja, która zmodyfikowała rekord (P)
    • GD 27/LK
942 -Rodzaj dokumentu [ , ]
    • c
    • Rodzaj dokumentu
    • Książka
100 -Hasło główne - nazwa osobowa [1, ]
    • a
    • Nazwa osobowa (NP)
    • Rostowski, Jan.
    • 9
    • KHW
    • 48687
245 -Strefa tytułu i oznaczenia odpowiedzialności [1,0]
    • a
    • Tytuł
    • Rozwój mózgu człowieka w cyklu życia : Find
    • b
    • Ciąg dalszy tytułu (NP)
    • aspekty bioneuropsychologiczne / Find
    • c
    • Pozostałe elementy strefy tytułu i oznaczenia odpowiedzialności (NP)
    • Jan Rostowski.
260 -Strefa adresu wydawniczego [ , ]
    • a
    • Miejsce wydania (P)
    • Warszawa :
    • b
    • Nazwa wydawcy (P)
    • Difin,
    • c
    • Data wydania (P)
    • 2012.
300 -Strefa opisu fizycznego [ , ]
    • a
    • Określenie formy książki i/lub objętość (NP)
    • 292 s. :
    • b
    • Oznaczenie ilustracji (NP)
    • 1 il. ;
    • c
    • Format (NP)
    • 23 cm.
336 -Typ zawartości [ , ]
    • a
    • Termin opisujący typ zawartości
    • Tekst
    • b
    • Kod określający zawartość
    • txt
    • 2
    • Źródło (terminu i kodu)
    • rdacontent
337 -Typ mediów [ , ]
    • a
    • Tryb odtwarzania
    • Bez urządzenia pośredniczącego
    • b
    • Kod typu mediów
    • n
    • 2
    • Źródło (terminu i kodu)
    • rdamedia
338 -Typ/rodzaj nośnika [ , ]
    • a
    • Hasło opisujące typ nośnika
    • Wolumin
    • b
    • Kod typu nośnika
    • nc
    • 2
    • Źródło (terminu i kodu)
    • rdacarrier
490 -Strefa serii i książki wielotomowej - forma nie do wyszukiwania [1, ]
    • a
    • Tytuł (P)
    • Engram Find
830 -Hasło dodatkowe serii i opisu książki wielotomowej - tytuł ujednolicony/tytuł [ ,0]
    • a
    • Tytuł ujednolicony/tytuł (NP)
    • Engram
    • 9
    • KHW
    • 12930
504 -Uwaga dot. bibliogr. załącznikowej [ , ]
    • a
    • Uwaga dot. bibliografii załącznikowej
    • Bibliogr. s. 241-290.
080 -Uniwersalna Klasyfikacja Dziesiętna [ , ]
    • 2
    • Identyfikator wydania tablic
    • UDC-P058
    • 9
    • UKD
    • 4569
    • a
    • Symbol klasyfikacji
    • 612.82
    • b
    • Dopowiedzenie
    • Mózg. Ośrodki mózgowe. Fizjologia snu.
080 -Uniwersalna Klasyfikacja Dziesiętna [ , ]
    • 2
    • Identyfikator wydania tablic
    • UDC-P058
    • 9
    • UKD
    • 2445
    • a
    • Symbol klasyfikacji
    • 159.95
    • b
    • Dopowiedzenie
    • Wyższe procesy poznawcze. Inteligencja.
080 -Uniwersalna Klasyfikacja Dziesiętna [ , ]
    • 2
    • Identyfikator wydania tablic
    • UDC-P058
    • 9
    • UKD
    • 2822
    • a
    • Symbol klasyfikacji
    • 316.6
    • b
    • Dopowiedzenie
    • Psychologia społeczna. Zachowania społeczne. Aktywność i bierność w zachowaniu społecznym. Motywacje ludzkiego zachowania. Potrzeby. Aspiracje.
080 -Uniwersalna Klasyfikacja Dziesiętna [ , ]
    • 2
    • Identyfikator wydania tablic
    • UDC-P058
    • 9
    • UKD
    • 4765
    • a
    • Symbol klasyfikacji
    • 616.8:159.91
    • b
    • Dopowiedzenie
    • Neuropsychologia.
650 -Hasło przedmiotowe [ ,7]
    • a
    • Hasło przedmiotowe
    • Mózg
    • x
    • Określnik rzeczowy
    • psychofizjologia.
    • 2
    • Źródło terminu
    • kaba
    • 9
    • KHW
    • 360981
650 -Hasło przedmiotowe [ ,7]
    • a
    • Hasło przedmiotowe
    • Mózg
    • x
    • Określnik rzeczowy
    • fizjologia.
    • 2
    • Źródło terminu
    • kaba
    • 9
    • KHW
    • 120268
650 -Hasło przedmiotowe [ ,7]
    • a
    • Hasło przedmiotowe
    • Rozwój neurologiczny.
    • 2
    • Źródło terminu
    • kaba
    • 9
    • KHW
    • 154752
980 -Symbol UKD [ , ]
    • a
    • UKD
    • 612.82:159.95:316.6:616.8:159.91
710 -Hasło dodatkowe - nazwa ciała zbiorowego [2, ]
    • a
    • Nazwa ciała zbiorowego lub nazwa geograficzna jako pierwszy element (NP)
    • Difin.
    • 4
    • Kod relacji
    • pbl
    • 9
    • KHW
    • 52248
920 -ISBN [ , ]
    • a
    • ISBN
    • 978-83-7641-716-5 Find
Status udost. Numer inwentarzowy Lokalizacja Data inwentaryzacji Sygnatura
1H.24758BNS2013-05-21 
-3H.24759BNS2013-05-21 
-2T.12686T2013-04-10T.12686